000
00308nam a22001337a 4500
008
170614b xxu||||| |||| 00| 0 eng d
020
_a
9780205292530
041
_a
eng
080
_2
3 ED
_a
32
100
_a
19
101
_a
SHP
245
_a
INTERNATIONAL RELATIONS THEORY
_c
VIOTTI.P.R
942
_2
udc
_c
BK
999
_c
17264
_d
17264